Music Quiz

Random Music or Lyrics Quiz

Lyric Map: Black Or White Quiz Stats

Quiz Updated Aug 20, 2015

Challenge
Share
Tweet
Score 0/281 Timer 12:00
10 Plays Today
% Correct
I
97.7%
I
97.7%
I
97.7%
I
97.7%
I
97.7%
I
97.7%
I
97.7%
I
97.7%
I
97.7%
I
97.7%
I
97.7%
I
97.7%
I
97.7%
I
97.7%
black
97.5%
black
97.5%
black
97.5%
black
97.5%
black
97.5%
black.
97.5%
black.
97.5%
white.
97.2%
white.
97.2%
white.
97.2%
white.
97.2%
white.
97.2%
white.
97.2%
white.
97.2%
or
94.6%
or
94.6%
or
94.6%
or
94.6%
or
94.6%
or
94.6%
you?
93.8%
you
93.8%
you
93.8%
you
93.8%
a
91.8%
a
91.8%
a
91.8%
a
91.8%
a
91.8%
it
90.5%
it
90.5%
it
90.5%
it
90.5%
it
90.5%
if
90.4%
if
90.4%
if
90.4%
if
90.4%
if
90.4%
if
90.4%
if
90.4%
if
90.4%
if
90.4%
if
90.4%
matter
86.9%
matter
86.9%
matter
86.9%
matter
86.9%
matter
86.9%
you're
85.5%
you're
85.5%
you're
85.5%
you're
85.5%
you're
85.5%
you're
85.5%
you're
85.5%
you're
85.5%
you're
85.5%
you're
85.5%
you're
85.5%
you're
85.5%
don't
83.5%
don't
83.5%
Don't
83.5%
don't
83.5%
don't
83.5%
don't
83.5%
to
81.8%
to
81.8%
to
81.8%
to
81.8%
your
81.6%
your
81.6%
your
81.6%
my
79.5%
my
79.5%
my
79.5%
my
79.5%
my
79.5%
my
79.5%
% Correct
my
79.5%
my
79.5%
my
79.5%
the
78.7%
the
78.7%
the
78.7%
the
78.7%
the
78.7%
the
78.7%
on
75.6%
on
75.6%
in
73.4%
in
73.4%
in
73.4%
in
73.4%
and
73.2%
and
73.2%
And
73.2%
and
73.2%
and
73.2%
baby
72.2%
baby,
72.2%
baby,
72.2%
baby,
72.2%
baby,
72.2%
me
68.4%
me
68.4%
no
67.8%
is
67.1%
is
67.1%
is.
67.1%
of
60.3%
of
60.3%
of
60.3%
of
60.3%
of
60.3%
of
60.3%
of
60.3%
of
60.3%
of
60.3%
it's
59.7%
It's
59.7%
it's
59.7%
It's
59.7%
It's
59.7%
It's
59.7%
It's
59.7%
It's
59.7%
Saturday
57.7%
Saturday
57.7%
about
56.2%
about
56.2%
about
56.2%
about
56.2%
about
56.2%
that
54%
with
53.4%
with
53.4%
when
52.9%
when
52.9%
when
52.9%
not
51.1%
not
51.1%
took
50.1%
thinkin'
48.3%
thinkin'
48.3%
thinkin'
48.3%
thinkin'
48.3%
thinkin'
48.3%
for
48%
for
48%
am
47.6%
am
47.6%
am
47.6%
tell
46%
tell
46%
one
45.4%
But
45.1%
But
45.1%
But
45.1%
we're
44.9%
right.
43.9%
going
43.2%
going
43.2%
going
43.2%
They
42.9%
believe
42.9%
wrong
42.4%
girl
42.3%
girl,
42.3%
So
41.8%
miracle
41.7%
See,
41.4%
this
41.2%
% Correct
this
41.2%
this
41.2%
get
40.9%
get
40.9%
Yes,
40.4%
Where
40%
where
40%
brother.
39.3%
brother,
39.3%
I'm
39%
same.
38.6%
ain't
38.3%
ain't
38.3%
ain't
38.3%
ain't
38.3%
saw
38%
has
37.8%
being
37.5%
being
37.5%
being
37.5%
miracles,
37.3%
tonight.
36.5%
had
36.5%
Sun.
36.5%
them
36.4%
color.
35.8%
eye.
34.8%
Now
34.6%
Boy,
34.6%
hear
34.3%
said,
34.3%
said,
34.3%
bang.
33.5%
life
33.4%
told
33.3%
from
33.3%
just
32.8%
tired
32.2%
tired
32.2%
tired
32.2%
equality,
32.2%
happened
31.3%
scared
31.3%
scared
31.3%
scared
31.3%
dirt
31.1%
gets
29.9%
gets
29.9%
message
28.8%
kickin'
28.8%
none.
28.4%
tough
28.3%
either
27.5%
second
26.9%
rough,
26.8%
by.
25.7%
spend
25.6%
true
25.2%
agree
24.8%
stuff.
24.6%
print
24.3%
I'd
24%
faces.
23.5%
races,
23.2%
war
23.2%
global
23.2%
scale.
23%
sheets.
22.8%
both
22.5%
devil.
22.4%
Protection
22%
turf
21.8%
places,
21.5%
gangs,
21.2%
nobody,
21.2%
sides
20.9%
human
20.6%
tale.
20.5%
mean.
20.5%
I've
20.4%
comes
20%
seen
19.9%
blood
19.8%
rather
19.7%
business.
19.7%
space
19.6%
nations,
19.3%
relations.
18.9%
clubs
18.2%
causing
16.9%
grief
16.9%
bright
16.2%
duller.
16%

You're not logged in!

Compare scores with friends on all Sporcle quizzes.
Sign Up with Email
OR
Log In

You Might Also Like...

Show Comments

Extras

Top Quizzes Today


Score Distribution

Your Account Isn't Verified!

In order to create a playlist on Sporcle, you need to verify the email address you used during registration. Go to your Sporcle Settings to finish the process.